000 00927nas a22002177a 4500
005 20260519150638.0
008 260519b19921999pormr|p|r||||f00| z0por d
040 _cBR-ViAPE
245 _aVocê
260 _aVitória
_bSPDC - Secretaria de Produção e Difusão Cultural - UFES (Universidade Federal do Espírito Santo)
_c1992-1998
300 _av.
_bil.
310 _aMensal
362 _aAno 1, n. 1 (jul. 1992) - ano 3, n. 60 (out. 1998).
500 _aDisponibilizada apenas a imagem da capa na versão digital, em virtude de restrições de direitos autorais.
500 _aColeção incompleta: disponíveis apenas alguns números do periódico.
650 _aCultura
_xEntrevistas
_xArte
_zEspírito Santo
651 _aEspírito Santo (Brasil)
_vPeriódicos
710 _aSPDC - Secretaria de Produção e Difusão Cultural - UFES (Universidade Federal do Espírito Santo)
942 _2ddc
_cPER
_n1
999 _c696
_d696